000 00544nam a2200181Ia 4500
005 20250508162100.0
008 008 250505s9999 xx 000 0 eng d
037 _aTextual
040 _aFEDL
_beng
_cFEDL
041 _aeng
_2eng
084 _a378.73, MAY
_qFEDL
100 _aMayhew Lewis B
245 0 _aGraduate and professional education, 1980: A survey of institutional plans
260 _aNew York, USA
_bMcGraw-Hill Book Company
_c1980
300 _a38p.
942 _cTEXL
_h378.73, MAY
999 _c1374276
_d1374276